000 00301nam a2200133Ia 4500
008 140130s9999 xx 000 0 und d
245 _cFrasier, Debra
_aMiss Alaineus
260 _bScholastic,
_c2000
300 _a30
440 _v1
521 _aGrade 3 - Grade 4
942 _cBK
999 _c40987
_d40987